Welcome to the Holygrace Academy Library

Please use search bar below to get started

GOOD VIBES GODD LIFE:HOW SELF-LOVE IS THE KEY TO UNLOCKING YOUR GREATNESS (Record no. 6895)

MARC details
000 -LEADER
fixed length control field 00816nam a22001577a 4500
020 ## - INTERNATIONAL STANDARD BOOK NUMBER
ISBN 978-93-86832-83-2
082 ## - DEWEY DECIMAL CLASSIFICATION NUMBER
Classification number 158
Item number KIN/G
100 ## - MAIN ENTRY--AUTHOR NAME
Personal name KING, VEX
245 ## - TITLE STATEMENT
Title GOOD VIBES GODD LIFE:HOW SELF-LOVE IS THE KEY TO UNLOCKING YOUR GREATNESS
246 ## - VARYING FORM OF TITLE
Title proper/short title GOOD VIBES GODD LIFE:HOW SELF-LOVE IS THE KEY TO UNLOCKING YOUR GREATNESS
Remainder of title GOOD VIBES GODD LIFE:HOW SELF-LOVE IS THE KEY TO UNLOCKING YOUR GREATNESS
260 ## - PUBLICATION, DISTRIBUTION, ETC. (IMPRINT)
Place of publication NEW DELHI
Name of publisher HAY HOUSE PUBLISHERS
Year of publication 2023
300 ## - PHYSICAL DESCRIPTION
Number of Pages 272
520 ## - SUMMARY, ETC.
Summary, etc Good Vibes, Good Life is a book about manifesting what you want, living meaningfully, and appreciating the little things. The author explains how to be happy with yourself by embracing what is already there. With this knowledge as a foundation, you can start manifesting right away.
650 ## - SUBJECT ADDED ENTRY--TOPICAL TERM
Topical Term MOTIVATIONAL
942 ## - ADDED ENTRY ELEMENTS (KOHA)
Koha item type Books
Holdings
Withdrawn status Lost status Collection code Home library Current library Shelving location Date acquired Source of acquisition Cost, normal purchase price Full call number Accession Number Koha item type
    Non-fiction Main Library Main Library NEW SHELF WITH NEW ENTRY 26/10/2023 Purchase 499.00 158 KIN/G 13279 Books